| 000 | 00474nam a22001577a 4500 | ||
|---|---|---|---|
| 003 | OSt | ||
| 005 | 20240416100953.0 | ||
| 008 | 240416b |||||||| |||| 00| 0 eng d | ||
| 040 | _cMRSPTU | ||
| 100 | _aSingh, Jatinderpal (ਜਤਿੰਦਰਪਾਲ ਸਿੰਘ) | ||
| 245 |
_aVigyan De Chamatkar (ਵਿਗਿਆਨ ਦੇ ਚਮਤਕਾਰ) _bWonders of Science |
||
| 250 | _a1st | ||
| 260 |
_aPunjab _bTarkbharti Parkashan _c2007 |
||
| 300 | _a96 | ||
| 942 |
_2ddc _cBK _n0 |
||
| 999 |
_c10042 _d10042 |
||